Trendy v exporte pomocou e-shopov bakalárska práca

Gespeichert in:
Bibliographische Detailangaben
1. Verfasser: Hajková, Daniela
Körperschaft: Obchodná fakulta EU. Katedra medzinárodného obchodu
Weitere Verfasser: Petrovič, Marek, 1992-
Format: Buch
Sprache:Slowakisch
Veröffentlicht: Bratislava 2024
Tags: Tag hinzufügen
Keine Tags, Fügen Sie das erste Tag hinzu!

MARC

LEADER 00000nbm a2200000 4500
001 0302444
005 20250801101230.3
041 0 |a slo 
044 |a SK 
245 1 0 |a Trendy v exporte pomocou e-shopov  |b bakalárska práca  |c Daniela Hajková ; školiteľ: Marek Petrovič 
264 1 |a Bratislava  |c 2024 
300 |a 54 s. 
100 1 |a Hajková, Daniela 
700 1 |a Petrovič, Marek, 1992- 
710 2 |a Obchodná fakulta EU. Katedra medzinárodného obchodu